Immobilized enzymes: research and development
Uloženo v:
| Hlavní autor: | |
|---|---|
| Médium: | Kniha |
| Jazyk: | angličtina |
| Vydáno: |
Tokio
Kodansha
1978
|
| Témata: | |
| Tagy: |
Přidat tag
Žádné tagy, Buďte první, kdo vytvoří štítek k tomuto záznamu!
|
MARC
| LEADER | 00000nam a2200000 a 4500 | ||
|---|---|---|---|
| 001 | UCP1209 | ||
| 003 | CL-VaPUC | ||
| 008 | 990401e19780000JA |||||||||||||||||eng|d | ||
| 082 | 0 | 4 | |a 660.634 |b CHI |2 21 |
| 100 | 0 | |a Chibata, Ichiro |e author |9 427136 | |
| 245 | 1 | 0 | |a Immobilized enzymes: research and development |
| 300 | |a 284 p | ||
| 942 | |c BK | ||
| 945 | |d 19990401 00:00:00 |a aarredon | ||
| 260 | |a Tokio |b Kodansha |c 1978 | ||
| 650 | 0 | |a Enzimas |9 262984 | |
| 650 | 0 | |a Aplicaciones industriales |9 259363 | |
| 650 | 7 | |a ENZIMOLOGIA |2 CL-VaPUC |9 263051 | |
| 650 | 7 | |a PROTEINAS |2 CL-VaPUC |9 427137 | |
| 650 | 0 | |a Células |9 269548 | |
| 583 | |a last modification |c 19990401 00:00:00 |k Rodrigo Vera | ||
| 999 | |c 279916 |d 279914 | ||
| 952 | |0 0 |1 0 |4 0 |6 660_634000000000000_CHI_1978 |7 0 |8 A |9 319837 |a BIBING |b BIBING |d 2019-11-20 |i 3278751 |o 660.634 CHI 1978 |p 3278751 |r 2025-01-20 |w 2019-11-20 |y BK |k EIB | ||